Central America Bulletin /
Gardado en:
| Autor Corporativo: | |
|---|---|
| Formato: | Libro |
| Idioma: | English |
| Publicado: |
California:
Central America Research Institute
1982-
|
| Materias: | |
| Etiquetas: |
Engadir etiqueta
Sen Etiquetas, Sexa o primeiro en etiquetar este rexistro!
|
MARC
| LEADER | 00000nam a22000007a 4500 | ||
|---|---|---|---|
| 003 | cru CIDCACS/IIS | ||
| 005 | 20211118134910.0 | ||
| 008 | 200423s1982 cau|||p|r||||||0| ||eng|d | ||
| 040 | |c cru CIDCACS/IIS | ||
| 090 | |a REV0159 | ||
| 110 | 2 | |9 9267 |a Central America Research Institute | |
| 245 | 1 | |a Central America Bulletin / |c Central America Research Institute | |
| 260 | |a California: |b Central America Research Institute |c 1982- | ||
| 270 | |a P.O Box 4797. Berkeley, C.A | ||
| 500 | |a EXISTENCIAS : 1984 3 (5-9, 11-12) 4 (1-2) 1985 4(3-9, 12) 5 (1-2) 1986 5 (3-12) 6 (1) 1987 6 (1-12) 7 (1) 1988 7 (2-12) 8 (1) 1989 8 (2-12) 1990 9 (1-3) Mensual | ||
| 500 | |a Colección Centroamérica | ||
| 650 | 0 | |9 306 |a ELECCIONES | |
| 650 | 0 | |9 413 |a PARTIDOS POLITICOS | |
| 650 | 4 | |9 1921 |a INTERVENCION EXTRANJERA | |
| 650 | 4 | |9 1935 |a RECESION ECONOMICA | |
| 650 | 4 | |9 1934 |a MILITARISMO | |
| 942 | |2 ddc |c PP | ||
| 999 | |c 43106 |d 43106 | ||
